Tirage Initial de Mangas le plus élevé - Statistiques

Statistiques générales
  • Ce quiz a été pris 3 fois
  • Le résultat moyen est 11 sur 70
Statistiques - réponses
Réponse Volume Concerné Exemplaires tirés Année % Correct
Bleach 25 1.33 m 2006
100%
Naruto 31 1.62 m 2005
100%
One Piece 67 4.05 m 2012
100%
Demon Slayer 23 3.95 m 2020
67%
Detective Conan 17 2.00 m 1997
67%
Dragon Ball 35 2.20 m 1993
67%
Hunter X Hunter 13 1.60 m 2000
67%
Jujutsu Kaisen 17 2.15 m 2021
67%
Assassination Classroom 6 1.00 m 2013
33%
Captain Tsubasa 1.00 m 1982-89
33%
Death Note 7 1.27 m 2005
33%
Fullmetal Alchemist 27 1.52 m 2010
33%
Ken le Survivant 1.00 m 1984-88
33%
Kenshin le Vagabond 17 1.33 m 1997
33%
Kingdom 62 1.00 m 2021
33%
L'Attaque des Titans 13 2.73 m 2014
33%
NANA 14 2.30 m 2005
33%
Sailor Moon 3 1.32 m 1993
33%
Slam Dunk 21 2.50 m 1994
33%
Spy X Family 11 1.55 m 2023
33%
Tokyo Revengers 26 1.14 m 2021
33%
Yu Yu Hakusho 15 2.00 m 1992
33%
BASTARD !! 16 1.05 m 1995
0%
BE-BOP HIGHSCHOOL 8 2.36 m 1987
0%
Blue Exorcist 7 1.00 m 2011
0%
Candy Candy 7 1.00 m 1978
0%
Chibi Maruko-chan 7 2.38 m 1991
0%
Crayon Shin-chan 7 1.90 m 1993
0%
Dear Boys 11 1.03 m 1993
0%
Demon Slayer : Official Fanbook 2 1.00 m 2021
0%
Dōbutsu no Oisha-san 12 1.00 m 1994
0%
Dokaben Professional Baseball 3 1.50 m 1995
0%
Doraemon 19 1.20 m 1980
0%
Dragon Quest : La Quête de Dai 8 1.40 m 1991
0%
Dr. Slump 6 2.20 m 1981
0%
GTO 5 1.81 m 1998
0%
H2 11 1.60 m 1995
0%
Hana Yori Dango 31 1.20 m 2002
0%
Hot Road 4 1.00 m 1987
0%
I Am Reiko Shiratori ! 6 1.15 m 1991
0%
I Am The New Reiko Shiratori ! 1 1.27 m 1993
0%
Initial D 23 1.05 m 2001
0%
Inuyasha 24 1.00 m 2001
0%
Kaze Densetsu : Bukkomi no Taku 7 1.25 m 1993
0%
Kinnikuman 17 1.60 m 1984
0%
Kochira Katsushika-ku Kameari Koen-mae Hashutsujo 100 1.00 m 1996
0%
Kuroko's Basket 24 1.00 m 2013
0%
Les Enquêtes de Kindaichi 16 2.11 m 1996
0%
Les Enquêtes de Kindaichi : Histoires Courtes 1 1.50 m 1997
0%
Les Vacances de Jésus et Bouddha 7 1.00 m 2011
0%
Magical Circle Guru Guru 5 1.03 m 1995
0%
Miyuki 2.00 m 1980-84
0%
Naruto Gaiden 1 1.00 m 2015
0%
Neon Genesis Evangelion 4 1.00 m 1997
0%
Nodame Cantabile 20 1.17 m 2008
0%
Oinshinbo 43 1.00 m 1993
0%
Ping-Pong Club 9 1.70 m 1996
0%
Pluto 5 1.00 m 2007
0%
Prince du Tennis 16 1.11 m 2002
0%
Racaille Blues 25 1.00 m 1993
0%
Ranma ½ 13 1.50 m 1990
0%
Real 5 1.15 m 2005
0%
Saint Seiya 1.00 m 1986-91
0%
Sawako 13 1.17 m 2011
0%
Say Hello to Black Jack 5 1.25 m 2003
0%
Silver Spoon 11 1.20 m 2014
0%
The Silent Service 1.20 m 1989-97
0%
Touch 2.00 m 1981-87
0%
Vagabond 15 1.83 m 2002
0%
Video Girl Ai 1.00 m 1990-93
0%
Aucun quiz correspondant
Distribution des résultats
% des personnes avec chaque résultat
Percentile par nombre de réponses
Votre historique - résultats
Vous n’avez pas pris ce quiz